| 000 | 01068nam a22003377a 4500 | ||
|---|---|---|---|
| 001 | BR2018000617 | ||
| 003 | BR-BrBNA | ||
| 005 | 20230928105233.0 | ||
| 007 | ta | ||
| 008 | 230509b bl.||||| |||| 00| 0 por d | ||
| 040 |
_aBR-BrBNA _bpor _cBiblioteca Nacional de Agricultura |
||
| 041 | _a(Por) | ||
| 072 |
_aF30 _b1123 |
||
| 090 | _ 1123 BR2018000617 | ||
| 100 | 1 | _aJesus, O.N. de | |
| 100 | 1 | _aOliveira, E.J. de | |
| 100 | 1 | _aSoares, T.L. | |
| 100 | 1 | _aFaleiro, F.G. | |
| 110 | 1 | _aEMBRAPA Cerrados, Planaltina, DF (Brasil) | |
| 110 | 1 | _aEMBRAPA Mandioca e Fruticultura, Cruz das Almas, BA (Brasil) | |
| 245 | 1 | _aAplicações de descritores morfoagronômicos utilizados em ensaios de DHE de cultivares de maracujazeiro-azedo (Passiflora edulis Sims); manual prático | |
| 260 | 3 |
_aBrasília, DF (Brasil): _c2015. |
|
| 300 | _a33 p. | ||
| 500 | _a9 ref.; 17 illus. | ||
| 650 | _aMARACUJÁ | ||
| 650 | _aBIOTECNOLOGIA | ||
| 650 | _aCARACTERÍSTICAS AGRONÔMICAS | ||
| 650 | _aVARIEDADE | ||
| 909 |
_a202309 _bLucia _c55 _dLucia Elande |
||
| 942 | _cBK | ||
| 999 |
_c84212 _d84212 |
||